[Event "Nakhchivan Open 2016"]
[Site "Nakhchivan AZE"]
[Date "2016.05.18"]
[Round "9.14"]
[White "Naghdiyev, Niyazi"]
[Black "Enkhtuul, Altan-Ulzii"]
[Result "1/2-1/2"]
[WhiteTitle "FM"]
[BlackTitle "WGM"]
[WhiteElo "2351"]
[BlackElo "2208"]
[WhiteFideId "13405519"]
[BlackFideId "4901444"]
[EventDate "2016.05.10"]

1. d4 Nf6 2. c4 c5 3. d5 b5 4. cxb5 a6 5. e3 g6 6. Nc3 Bg7 7. Nf3 d6 8. a4 O-O
9. e4 axb5 10. Bxb5 Ba6 11. Bd2 Ne8 12. O-O Nc7 13. Qe2 Nd7 14. Bxa6 Rxa6 15. a5
Qa8 16. Na4 Re8 17. Rac1 e6 18. dxe6 Nxe6 19. Rfe1 Rb8 20. Bc3 Nd4 21. Nxd4 Bxd4
22. Rb1 Ne5 23. Qc2 Qa7 24. Nb6 Rxa5 25. Bxa5 Qxa5 26. Nc4 Nxc4 27. Qxc4 Rxb2
28. Rf1 Bxf2+ 29. Kh1 Rxb1 30. Rxb1 Bd4 31. Qd5 Be5 32. Qc4 Kg7 33. Rf1 Qc7 34.
g3 Qe7 35. Kg2 Bd4 36. Qd5 Qe6 37. Qb7 h5 38. Qd5 Qe7 39. Kf3 Be5 40. h4 Qc7 41.
Qc4 Qb7 42. Kg2 f5 43. Qd5 Qb2+ 44. Rf2 Qc3 45. exf5 Qxg3+ 46. Kf1 Qh3+ 47. Ke2
Qg4+ 48. Kf1 gxf5 49. Qe6 Qd1+ 50. Kg2 Qg4+ 51. Kf1 Qd1+ 52. Kg2 f4 53. Qe7+ Kg6
54. Qe6+ Kg7 55. Qe7+ Kg8 56. Qe8+ Kh7 57. Qf7+ Kh6 58. Qe6+ Kg7 1/2-1/2

[Event "Nakhchivan Open 2016"]
[Site "Nakhchivan AZE"]
[Date "2016.05.18"]
[Round "9.15"]
[White "Mammadzada, Gunay"]
[Black "Mammadov, Zaur"]
[Result "1-0"]
[WhiteTitle "WGM"]
[BlackTitle "GM"]
[WhiteElo "2318"]
[BlackElo "2465"]
[WhiteFideId "13403729"]
[BlackFideId "13401033"]
[EventDate "2016.05.10"]

1. e4 c6 2. d4 d5 3. Nc3 dxe4 4. Nxe4 Nd7 5. c3 Ngf6 6. Nxf6+ Nxf6 7. Bc4 Qc7 8.
Qf3 Bg4 9. Qg3 Qb6 10. Nf3 Bxf3 11. Qxf3 e6 12. O-O Bd6 13. Bg5 Nd5 14. Bb3 Be7
15. Bd2 O-O 16. c4 Nf6 17. Be3 Qa5 18. Rfd1 Rfd8 19. Rd3 Rd7 20. Rad1 Rad8 21.
Qe2 Bf8 22. h3 h6 23. Bf4 Bd6 24. Bc1 Bf8 25. a3 b5 26. c5 Qc7 27. Qf3 Nd5 28.
h4 Be7 29. Bc2 Bf6 30. Qe4 Ne7 31. Bf4 Qc8 32. h5 Rd5 33. g4 Kf8 34. Bd6 R8xd6
35. cxd6 Rxd6 36. Qh7 Rd8 37. Rf3 Nd5 38. Qe4 Qd7 39. Bb3 Qd6 40. Bxd5 cxd5 41.
Qe2 Qb6 42. Qd2 Rc8 43. b3 Qc6 44. Kg2 Kg8 45. Qa5 a6 46. Rdd3 Qd6 47. Qd2 Bg5
48. Qb4 Qd7 49. Rc3 Ra8 50. Qc5 Bf6 51. Qc7 Qe8 52. Rcd3 Be7 53. a4 bxa4 54.
bxa4 Bf6 55. a5 Qa4 56. Qb7 Rf8 57. Qxa6 Bxd4 58. Qd6 Bf6 59. a6 Ra8 60. Ra3
Qxg4+ 61. Qg3 Qd4 62. Rf4 Qb2 63. Rb3 Qa1 64. Rxf6 Qxf6 65. Rb8+ Rxb8 66. Qxb8+
Kh7 67. a7 Qg5+ 68. Qg3 Qd8 69. Qa3 Qa8 70. Qa6 d4+ 71. f3 f5 72. Kf2 d3 73. Ke3
d2 74. Kxd2 Qd5+ 75. Ke2 Qe5+ 76. Kf1 Qd4 77. a8=Q Qd1+ 78. Kf2 Qd4+ 79. Ke2
Qb2+ 80. Kd3 Qb3+ 81. Kd4 Qb2+ 82. Kc5 Qe5+ 83. Kc6 1-0

[Event "Nakhchivan Open 2016"]
[Site "Nakhchivan AZE"]
[Date "2016.05.18"]
[Round "9.16"]
[White "Muradli, Mahammad"]
[Black "Gasimov, Parviz"]
[Result "0-1"]
[WhiteTitle "FM"]
[BlackTitle "FM"]
[WhiteElo "2352"]
[BlackElo "2375"]
[WhiteFideId "13409301"]
[BlackFideId "13408798"]
[EventDate "2016.05.10"]

1. d4 d5 2. Nf3 Nf6 3. c4 c6 4. Nc3 e6 5. Bg5 h6 6. Bxf6 Qxf6 7. e3 g6 8. Bd3
Bg7 9. O-O O-O 10. e4 Qd8 11. e5 dxc4 12. Bxc4 c5 13. d5 exd5 14. Bxd5 Nc6 15.
Qb1 Bf5 16. Be4 Bg4 17. Bxc6 bxc6 18. Qe4 Bxf3 19. Qxf3 Bxe5 20. Qxc6 Qb6 21.
Qd5 Bd4 22. Rab1 Qa6 23. Rfc1 Rfe8 24. Re1 Rab8 25. Rxe8+ Rxe8 26. Qb3 Qd3 27.
g3 Qd2 28. Rf1 Re1 29. Nd1 c4 30. Qa4 Re4 31. Kg2 Qd3 32. Qc6 h5 33. h4 Kg7 34.
Qd5 Re2 35. b3 c3 36. Ne3 Qxe3 0-1

[Event "Nakhchivan Open 2016"]
[Site "Nakhchivan AZE"]
[Date "2016.05.18"]
[Round "9.17"]
[White "Bagheri, Maziar"]
[Black "Kazimova, Narmin"]
[Result "1-0"]
[BlackTitle "WGM"]
[WhiteElo "2266"]
[BlackElo "2364"]
[WhiteFideId "12530913"]
[BlackFideId "13402951"]
[EventDate "2016.05.10"]

1. Nf3 c5 2. c4 Nc6 3. e3 Nf6 4. Nc3 d5 5. cxd5 Nxd5 6. Bb5 Nc7 7. Bxc6+ bxc6 8.
Qa4 Bb7 9. Ne5 e6 10. O-O Qd6 11. Nc4 Qd7 12. Rd1 Nb5 13. Qc2 Be7 14. b3 O-O 15.
Bb2 Qc7 16. Na4 Ba6 17. Be5 Qd7 18. Rac1 Rad8 19. Bb2 Qd5 20. d3 Qh5 21. Ne5 Rd5
22. f4 Bb7 23. e4 Nd4 24. Bxd4 Rxd4 25. Nxc5 Ba8 26. Nf3 Rdd8 27. d4 Qh6 28. Qd2
f5 29. e5 Qg6 30. Qf2 h6 31. Qg3 Qf7 32. Rc4 Kh7 33. Rdc1 Rg8 34. h4 Rde8 35.
Ra4 Bd8 36. Kf2 Bb6 37. Rac4 Qh5 38. Qh3 Bd8 39. Rg1 Qg4 40. Qxg4 fxg4 41. Nd2
Bxh4+ 42. g3 Bd8 43. Ra4 Re7 44. Nde4 Bb6 45. Ke3 Kg6 46. Nd6 Kh7 47. Rh1 g5 48.
Nde4 gxf4+ 49. gxf4 Rg6 50. Ng3 Bb7 51. Rc4 Bc8 52. Rc2 Bd7 53. Rg2 Be8 54. Nge4
Reg7 55. Nf6+ Rxf6 56. exf6 Rg6 57. Ne4 Rg8 58. f7 1-0

[Event "Nakhchivan Open 2016"]
[Site "Nakhchivan AZE"]
[Date "2016.05.18"]
[Round "9.18"]
[White "Mammadova, Gulnar"]
[Black "Bayramov, Elvin"]
[Result "1/2-1/2"]
[WhiteTitle "WGM"]
[WhiteElo "2319"]
[BlackElo "2262"]
[WhiteFideId "13403508"]
[BlackFideId "13406655"]
[EventDate "2016.05.10"]

1. e4 c5 2. Nf3 Nc6 3. Bb5 g6 4. c3 Nf6 5. Qe2 Bg7 6. O-O O-O 7. Rd1 Qb6 8. Na3
d6 9. d4 Bg4 10. dxc5 Qxc5 11. h3 Bxf3 12. Qxf3 Ne5 13. Qe2 Rfd8 14. Ba4 a6 15.
Be3 Qc7 16. f4 Nc6 17. Bc2 d5 18. e5 Ne8 19. Qf2 Qc8 20. Bb6 Nc7 21. Bb3 e6 22.
c4 Bf8 23. Nc2 dxc4 24. Bxc4 Rxd1+ 25. Rxd1 Nd5 26. Bxd5 exd5 27. Ne3 Ne7 28.
Nxd5 Nxd5 29. Rxd5 Qc6 30. Rd2 Rc8 31. Kh2 Bh6 32. Be3 Qe4 33. Rd4 Qc6 34. f5
Bf8 35. Qf4 Re8 36. Bd2 Bc5 37. Re4 Qd5 38. Bc3 b5 39. a3 Bf8 40. f6 h6 41. Rd4
Qe6 42. Rd3 h5 43. g4 h4 44. g5 Qb6 45. Qxh4 Qc6 46. Qd4 Qe6 47. Qg4 Qc6 48. h4
Rxe5 49. Bxe5 Qc2+ 50. Kg3 Qxd3+ 51. Qf3 Qb1 52. Qe3 Qf5 53. b4 Qc2 54. Bf4 Qc6
55. Qf3 Qb6 56. Kg2 Qd4 57. Bg3 Qd7 58. Bf2 Qc8 59. h5 gxh5 60. Qxh5 Qf5 61. Qh4
Bd6 62. Bg3 Qc2+ 63. Kh3 Qf5+ 64. Kg2 Qc2+ 65. Kh3 Qf5+ 66. Kg2 Qc2+ 67. Kh3
Qf5+ 68. Kg2 Qc2+ 69. Kh3 Qf5+ 70. Kg2 Qc2+ 71. Kh3 Qf5+ 72. Kg2 Qc2+ 73. Kh3
Qf5+ 74. Kg2 Qc2+ 75. Kh3 Qf5+ 1/2-1/2

[Event "Nakhchivan Open 2016"]
[Site "Nakhchivan AZE"]
[Date "2016.05.18"]
[Round "9.19"]
[White "Mustafin, Andrey"]
[Black "Bayramov, Zaur"]
[Result "1-0"]
[WhiteTitle "FM"]
[WhiteElo "2299"]
[BlackElo "2241"]
[WhiteFideId "13406744"]
[BlackFideId "13405080"]
[EventDate "2016.05.10"]

1. e4 c5 2. a3 e6 3. b4 cxb4 4. axb4 d5 5. exd5 Qxd5 6. c3 e5 7. Na3 Nc6 8. Nc4
Rb8 9. b5 Nd8 10. Qh5 Bd6 11. d4 Bc7 12. Rxa7 Nf6 13. Qe2 O-O 14. b6 Bxb6 15.
Nxb6 Qc6 16. Qb2 exd4 17. cxd4 Re8+ 18. Be3 Ng4 19. Ra3 Qh6 20. Nf3 Bf5 21. Ne5
Nxe3 22. Rxe3 Nc6 23. Bc4 Nxe5 24. dxe5 1-0

[Event "Nakhchivan Open 2016"]
[Site "Nakhchivan AZE"]
[Date "2016.05.18"]
[Round "9.20"]
[White "Mamedjarova, Zeinab"]
[Black "Ibrahimova, Sabina"]
[Result "1-0"]
[WhiteTitle "WGM"]
[BlackTitle "WIM"]
[WhiteElo "2236"]
[BlackElo "2184"]
[WhiteFideId "13401521"]
[BlackFideId "13403893"]
[EventDate "2016.05.10"]

1. d4 Nf6 2. Nf3 g6 3. g3 Bg7 4. Bg2 O-O 5. O-O d6 6. Re1 c5 7. c4 cxd4 8. Nxd4
Qb6 9. Nc3 Nc6 10. Nxc6 bxc6 11. h3 Be6 12. Qa4 Rfc8 13. Rb1 Qc5 14. b3 Qh5 15.
h4 d5 16. cxd5 cxd5 17. Bb2 Qf5 18. e4 dxe4 19. Nxe4 Rc2 20. Bd4 Bd5 21. Bxf6
exf6 22. Qd4 Rd8 23. Rbd1 Rcc8 24. Qxa7 Bxe4 25. Rxd8+ Rxd8 26. Rxe4 Bf8 27. b4
g5 28. a4 Rd1+ 29. Kh2 Rd2 30. Qe3 Rxf2 31. g4 Bd6+ 32. Kh3 h5 33. gxf5 g4+ 34.
Rxg4+ hxg4+ 35. Kxg4 Rxg2+ 36. Kh5 Rg3 37. Qd2 Be5 38. a5 Kg7 39. a6 Ra3 40. b5
Ra4 41. Qg2+ Kh8 42. Qc2 Rd4 43. a7 1-0

[Event "Nakhchivan Open 2016"]
[Site "Nakhchivan AZE"]
[Date "2016.05.18"]
[Round "9.21"]
[White "Khalafova, Narmin"]
[Black "Fataliyeva, Ulviyya"]
[Result "1/2-1/2"]
[WhiteTitle "WIM"]
[BlackTitle "WIM"]
[WhiteElo "2193"]
[BlackElo "2301"]
[WhiteFideId "13402625"]
[BlackFideId "13403052"]
[EventDate "2016.05.10"]

1. e4 c5 2. Nf3 d6 3. Bb5+ Bd7 4. Bxd7+ Qxd7 5. O-O Nc6 6. Re1 Nf6 7. c3 e6 8.
d4 cxd4 9. cxd4 d5 10. e5 Ne4 11. Nbd2 Nxd2 12. Bxd2 Be7 13. Rc1 O-O 14. a3 a5
15. Qe2 a4 1/2-1/2

[Event "Nakhchivan Open 2016"]
[Site "Nakhchivan AZE"]
[Date "2016.05.18"]
[Round "9.22"]
[White "Abdulla, Khayala"]
[Black "Mammadova, Narmin"]
[Result "0-1"]
[WhiteTitle "WGM"]
[BlackTitle "WIM"]
[WhiteElo "2209"]
[BlackElo "2183"]
[WhiteFideId "13401807"]
[BlackFideId "13403710"]
[EventDate "2016.05.10"]

1. e4 e6 2. d4 d5 3. Nc3 Nf6 4. Bg5 Be7 5. e5 Nfd7 6. Bxe7 Qxe7 7. f4 a6 8. Nf3
c5 9. dxc5 Nc6 10. Qd2 Nxc5 11. Qe3 O-O 12. O-O-O b5 13. f5 Qa7 14. Qf4 f6 15.
exf6 Rxf6 16. Qd6 Ne7 17. b4 Na4 18. Nxa4 Nxf5 19. Qe5 bxa4 20. Re1 Qb6 21. Qc3
Bb7 22. Ne5 Qd6 23. Qc5 Rc8 24. Qxd6 Nxd6 25. Bd3 Rf2 26. Kb1 Nb5 27. Nd7 Nc3+
28. Kb2 Ne4 29. Bxe4 dxe4 30. Nc5 a5 31. a3 axb4 32. axb4 Bd5 33. h3 a3+ 34. Kc3
a2 35. Rc1 Ra8 36. Kd4 Rb8 37. c3 h6 0-1

[Event "Nakhchivan Open 2016"]
[Site "Nakhchivan AZE"]
[Date "2016.05.18"]
[Round "9.23"]
[White "Balajayeva, Khanim"]
[Black "Ahmadzada, Ahmad"]
[Result "1-0"]
[WhiteTitle "WFM"]
[BlackTitle "CM"]
[WhiteElo "2180"]
[BlackElo "2207"]
[WhiteFideId "13406396"]
[BlackFideId "13413007"]
[EventDate "2016.05.10"]

1. e4 c5 2. c3 Nf6 3. e5 Nd5 4. d4 cxd4 5. Nf3 e6 6. cxd4 d6 7. Bc4 Nb6 8. Bg5
Be7 9. Bxe7 Qxe7 10. Bd3 dxe5 11. dxe5 O-O 12. Nc3 Na6 13. O-O Nc5 14. Bc2 a5
15. Qe2 Bd7 16. Nd4 Bc6 17. Nxc6 bxc6 18. Ne4 Nd5 19. Rac1 Nxe4 20. Bxe4 Rfc8
21. Rc4 g6 22. Rfc1 Qg5 23. Bf3 Rab8 24. h4 Qh6 25. g3 Rb4 26. Rc5 Rcb8 27. Bxd5
exd5 28. Rxc6 Rxb2 29. Rc8+ Kg7 30. Qf3 g5 31. R1c6 1-0